Normal view
MARC view
Entry Personal Name
001 - CONTROL NUMBER
- control field: 34749
003 - CONTROL NUMBER IDENTIFIER
- control field: ARRUPE
005 - DATE AND TIME OF LATEST TRANSACTION
- control field: 20170811121056.0
008 - FIXED-LENGTH DATA ELEMENTS
- fixed length control field: 170811|| aca||aabn | a|a d
040 ## - CATALOGING SOURCE
- Original cataloging agency: ARRUPE
- Transcribing agency: ARRUPE
100 ## - HEADING--PERSONAL NAME
- Personal name: Doke, Clement M.
670 ## - SOURCE DATA FOUND
- Source citation: Work cat.: (ARRUPE): Doke, Clement M., The Phonetics of the Zulu Language, 1926